000 01497cam a22003134a 4500
999 _c10242
_d10242
001 13443951
003 GBCCL
005 20241126110728.0
008 031224s2004 ilu b 001 0 eng
010 _a 2003027941
020 _a0830814175 (cloth : alk. paper)
040 _aDLC
_cDLC
_dDLC
042 _apcc
050 0 0 _aBT821.3
_b.B58 2004
082 0 0 _a236
_222
_bBLO
100 1 _aBloesch, Donald G.,
_d1928-2010.
_95941
245 1 4 _aThe last things :
_bresurrection, judgment, glory /
_cDonald G. Bloesch.
260 _aDowners Grove, Ill. :
_bInterVarsity Press,
_cc2004.
300 _a336 p. ;
_c24 cm.
490 1 _aChristian foundations
504 _aIncludes bibliographical references (p. [303]-323) and indexes.
505 0 _aControversial themes in eschatology -- Light against darkness -- The day of the Lord -- The millennial hope -- The resurrection of the dead -- The interim state -- The communion of saints -- Predestined to glory -- Israel's salvation : the supersessionist controversy -- The triumph of grace -- The dawning of hope.
650 0 _aEschatology.
_92009
800 1 _aBloesch, Donald G.,
_d1928-2010.
_tChristian foundations.
_916290
856 4 1 _3Table of contents
_uhttp://www.loc.gov/catdir/toc/ecip0412/2003027941.html
906 _a7
_bcbc
_corignew
_d1
_eecip
_f20
_gy-gencatlg
942 _2ddc
_cBK
_01